000 00641nam a2200193 i 4500
001 22246
003 ES-MaACL
005 20230906152645.0
007 t|
008 021202s1897 phl ||||1| spa d
100 1 _aAlgué, José.
_919906
245 1 0 _aBaguios o ciclones filipinos
_b: estudio teórico-práctico /
_cpor José Algue.
260 _aManila :
_b[s.n.,
_c1897] (
_fImp. Privada del Observatorio)
300 _aXII, 308 p., 4 lám. :
_bil. ;
_c27 cm.
500 _aPrecede al tít.: Observatorio de Manila.
650 4 _aCiclones-
_zFilipinas.
_9156716
710 2 _aObservatorio de Manila.
_96008
852 _aES-MaACL
_jG-9954
999 _c22246
_d22246